Central Library OPAC University of Rajshahi

The structure of community power / (Record no. 57381)

MARC details
000 -LEADER
fixed length control field 00762nam a2200265 a 4500
001 - CONTROL NUMBER
control field 57381
003 - CONTROL NUMBER IDENTIFIER
rucl marc code BD-RjUL
005 - DATE AND TIME OF LATEST TRANSACTION
control field 20211209080513.0
008 - FIXED-LENGTH DATA ELEMENTS--GENERAL INFORMATION
fixed length control field 161208s1970 nyu b 000 0 eng
035 ## - SYSTEM CONTROL NUMBER
System control number (BD-RjUL57505)
040 ## - CATALOGING SOURCE
Original cataloging agency DLC
Transcribing agency DLC
Modifying agency BD-RjUL
Language of cataloging eng
041 ## - LANGUAGE CODE
Language code of text/sound track or separate title eng
082 00 - DEWEY DECIMAL CLASSIFICATION NUMBER
Classification number 301.5
Edition number 23
Author mark and year STR 1970
100 1# - MAIN ENTRY--PERSONAL NAME
Dates associated with a name 1932-
9 (RLIN) 170418
245 04 - TITLE STATEMENT
Title The structure of community power /
Statement of responsibility, etc. Edited by Michael Aiken and Paul E. Mott.
250 ## - EDITION STATEMENT
Edition statement 1st ed.
260 ## - PUBLICATION, DISTRIBUTION, ETC. (IMPRINT)
Place of publication, distribution, etc. New York :
Name of publisher, distributor, etc. Random House,
Date of publication, distribution, etc. 1970
300 ## - PHYSICAL DESCRIPTION
Pagination xi, 540 p.
Size 25 cm.
504 ## - BIBLIOGRAPHY, ETC. NOTE
Bibliography, etc Bibliography: p. 527-538.
650 #0 - SUBJECT ADDED ENTRY--TOPICAL TERM
Topical term or geographic name as entry element Community power.
9 (RLIN) 170419
700 ## - ADDED ENTRY--PERSONAL NAME
Personal name Mott, Paul E.,
Relator term joint comp.
Personal name Aiken, Michael T.,
942 ## - ADDED ENTRY ELEMENTS (KOHA)
Source of classification or shelving scheme Dewey Decimal Classification
Koha item type Books
Holdings
Lost status Source of classification or shelving scheme Damaged status Not for loan Collection code Permanent Location Current Location Shelving location Date acquired Total Checkouts Full call number Date last seen Copy number Koha item type
  Dewey Decimal Classification   Not For Loan Fiction Central Library, University of Rajshahi Central Library, University of Rajshahi Reading Room 15/05/1991   301.5 STR 1970 08/12/2016 C-1 Books